Živicové kúpele Zalmanova

Bibliographic Details
Main Author: Urgela, Robert, 1962- (Author)
Format: Article
Language:Slovak
ISSN:1335-9134
Subjects:

MARC

LEADER 00000nab a2200000 ar4500
001 vtls009938226
003 SK-MaSNL
005 20260303045041.0
008 090810c2009 xo |||||| | ||00 b|slo
015 |a SNBRB2009/08  |2 snkbucl 
038 |a SNKBUCL 
040 |a SNKBUCL  |b slo  |c SNKBUCL  |e AACR2 
041 0 |a slo 
044 |a xo  |c SK 
080 |a 615.838-035.842/.847  |2 2001 
080 |a 547.914  |2 2001 
100 1 |a Urgela, Robert,  |d 1962-  |4 aut  |9 404724 
245 1 0 |a Živicové kúpele Zalmanova  |c Robert Urgela 
600 1 7 |a Zalmanov, Aleksandr Solomonovič,  |d 1875-?  |2 snkbucl  |9 182799 
650 0 7 |a Zalmanove kúpele  |2 snkbucl  |9 1035070 
650 0 7 |a kapilaroterapia  |2 snkbucl  |9 1035071 
650 0 7 |a kapilaritída  |2 snkbucl  |9 1035072 
650 0 7 |a hydroterapia  |2 SNKPH  |9 4387 
650 0 7 |a živicové kúpele  |2 snkbucl  |9 1035073 
773 0 |t Vitalita  |g Č. 1 (2009), s. 46-47  |x 1335-9134 
852 |a SNK  |b KIS3GCP 
958 |a MI 
999 |c 1702374  |d 1704304